| 000 | 00894namaa22002657a 4500 | ||
|---|---|---|---|
| 001 | 8238 | ||
| 003 | AR-RoBPED | ||
| 005 | 20241028183137.0 | ||
| 007 | ta | ||
| 008 | 160821s1926 ag a|||| 001 0|spa | | ||
| 040 | _aAR-RoBPED | ||
| 041 | _aspa | ||
| 100 | 1 |
_aMayer, Augusto Liebmann _99730 _d1885-1944 |
|
| 245 | 1 | 3 |
_aLa pintura española / _cAugust L. Mayer ; traducción de Manuel Sánchez Sarto |
| 260 |
_aBuenos Aires : _bLabor, _c1926. |
||
| 300 |
_a238 p. : _bil., lám. |
||
| 490 | 0 |
_aColección Labor, sección 2: Pintura española ; _v75-74 |
|
| 600 | 1 | 0 |
_927649 _aGoya y Lucientes, Francisco de _d1746-1828 |
| 600 | 1 | 0 |
_927648 _aEl Greco, Seud. _dca. 1541-1614 |
| 650 | 4 | _aHISTORIA | |
| 651 | 4 | _aEspaña | |
| 700 | 1 |
_924309 _aSánchez Sarto, Manuel _d1897-1980 _etrad. |
|
| 942 |
_cBK _2udc _ak. 8238 _h75(460) _kD _mM 32 _nInv. 13671 |
||
| 945 | _aGN.16/08/02 ag 22/02/2023 | ||
| 999 |
_c8238 _d8238 |
||